00508nam a22001812 4500001001100000005001700011008004100028020001700069040001500086100003200101245004200133260002600175300001100201650003200212650004800244650003100292852000300323000002548220151217154549.0151001s xx 000 0 eng d a0199552191 : aKABUcKABU1 aSimmonds, N. E.@000017963910aLaw as a moral idea /cN.E. Simmonds. aOxford :bOUP,c2007. a209 p. 0aLaw and ethics.@0000156375 0aLawxmoral and ethical aspects.@0000183476 0aJurisprudence.@00001532821